| 000 | 004330000a22001810004500 | ||
|---|---|---|---|
| 003 | MACL | ||
| 005 | 20151230131932.0 | ||
| 008 | 151230b xxu||||| |||| 00| 0 eng d | ||
| 040 |
_aMACL _cMACL |
||
| 041 | _aEnglish | ||
| 082 | _a320/WEL | ||
| 100 |
_aWelles, Sumner _924858 |
||
| 245 | _aThe Time for Decision | ||
| 260 |
_bHamish Hamilton _c1944 |
||
| 350 | _a12 | ||
| 650 |
_aPolitical Science _988 |
||
| 942 |
_cBK _k320/WEL _2ddc |
||
| 999 |
_c39201 _d39201 |
||